000 00390nam a2200169Ia 4500
001 19324
003 IN-NITTTR
005 20251114233223.0
008 251113s9999||||xx |||||||||||||| ||eng||
040 _beng
040 _cIN-NITTTR
041 _aeng
082 _a006.6 E96G
100 _aEzzell, Ben
245 0 _aGraphics programming in turbo C 2.0 /
_cEzzell, Ben
942 _2ddc
_cBK
999 _c21958
_d21958